LIBRARY & INFORMATION CENTRE, KCAET, TAVANUR

ONLINE PUBLIC ACCESS CATALOGUE (OPAC)

FERTIGATION | : A NOVEL METHOD OF APPLYING CROP NUTRIENTS (Record no. 17533)

MARC details
000 -LEADER
fixed length control field 00436nam a22001577a 4500
003 - CONTROL NUMBER IDENTIFIER
control field OSt
008 - FIXED-LENGTH DATA ELEMENTS--GENERAL INFORMATION
fixed length control field 220718b |||||||| |||| 00| 0 eng d
020 ## - INTERNATIONAL STANDARD BOOK NUMBER
ISBN 9789390591145
082 ## - DEWEY DECIMAL CLASSIFICATION NUMBER
Classification number 631.8
Item number SOM/FE
100 ## - MAIN ENTRY--AUTHOR NAME
Personal name SOMAN, P
245 ## - TITLE STATEMENT
Title FERTIGATION
Remainder of title : A NOVEL METHOD OF APPLYING CROP NUTRIENTS
260 ## - PUBLICATION, DISTRIBUTION, ETC. (IMPRINT)
Place of publication ; NEW DELHI
Name of publisher : NEW INDIA PUBLISHING AGENCY
Year of publication 2021
300 ## - PHYSICAL DESCRIPTION
Number of Pages VI + 89
Accompanying material TEXT
650 ## - SUBJECT ADDED ENTRY--TOPICAL TERM
Topical Term FERTIGATION
942 ## - ADDED ENTRY ELEMENTS (KOHA)
Koha item type Books
Holdings
Withdrawn status Lost status Damaged status Home library Current library Shelving location Date acquired Source of acquisition Cost, normal purchase price Full call number Accession Number Koha item type
      KAUAET KAUAET Scheme 11/07/2022 TBS PUBLISHERS AND DISTRIBUTERS 995.00 631.8 SOM/FE BB 650 Book Bank scheme for SC students
free website counter